Statistics for Every City in New York on the Map

Click here to take the quiz!

General Stats

  • This quiz has been taken 7,940 times
  • The average score is 15 of 62

Answers on the Map

Answers color-coded by a green-red scale on the quiz's map according to % correct below.
 

Answer Stats

Pop.City% Correct
8.80 mNew York
99%
278 kBuffalo
87%
99.2 kAlbany
85%
211 kRochester
70%
149 kSyracuse
67%
212 kYonkers
57%
48.7 kNiagara Falls
53%
32.1 kIthaca
45%
65.3 kUtica
44%
32.7 kPoughkeepsie
35%
48.0 kBinghamton
34%
66.1 kSchenectady
32%
59.6 kWhite Plains
31%
51.4 kTroy
28%
79.7 kNew Rochelle
27%
20.0 kPlattsburgh
23%
27.0 kWatertown
23%
6.7 kHudson
22%
32.1 kRome
22%
28.5 kSaratoga Springs
22%
27.1 kElmira
21%
28.7 kJamestown
20%
18.1 kOswego
20%
67.3 kMount Vernon
19%
23.9 kKingston
18%
33.3 kLong Beach
18%
28.9 kNewburgh
18%
10.5 kCorning
16%
17.6 kCortland
16%
11.4 kOneida
16%
15.7 kRye
16%
18.2 kAmsterdam
15%
13.9 kOneonta
15%
26.2 kAuburn
14%
12.6 kGeneva
14%
14.7 kGlens Falls
14%
28.1 kMiddletown
14%
14.5 kOlean
14%
15.6 kBatavia
13%
12.7 kDunkirk
13%
21.2 kLockport
13%
23.6 kPeekskill
13%
15.1 kTonawanda
13%
16.0 kBeacon
12%
10.6 kCanandaigua
12%
11.9 kFulton
12%
27.0 kGlen Cove
12%
11.1 kOgdensburg
12%
8.8 kPort Jervis
12%
18.1 kCohoes
11%
8.7 kJohnstown
11%
18.1 kLackawanna
11%
31.6 kNorth Tonawanda
11%
7.2 kNorwich
11%
9.4 kRensselaer
11%
15.7 kGloversville
10%
8.6 kHornell
10%
5.8 kSalamanca
10%
4.9 kLittle Falls
9%
5.2 kMechanicville
9%
3.1 kSherrill
9%
10.3 kWatervliet
9%

Score Distribution

Percentile by Number Answered

Percent of People with Each Score

Your Score History

You have not taken this quiz